MDQL
is popping MORE tags! Check the
thread
!
Quizzes
Events
Quiz Creation
Community
Videos
Private Events
Remove Ads
Sign In
Join for FREE
Feedback
Dark Mode
Quiz Categories
Sports
Geography
Music
Movies
Television
Just For Fun
Miscellaneous
History
Literature
Language
Science
Gaming
Entertainment
Religion
Holiday
For Kids
Quiz Lab
Recent
Popular Today
Quiz Kudos Today
Editor Picks
Curator Picks
Quizzes by...
Day
Popularity
Type
Ratings
Length
Year
Community
Subscriptions
Recent Discussions
Orange Saloon
Badges
Playlists
Quests
Create
Leaderboards
Showdown
Live 5
Trivia Bingo
Activity
Puzzle Library
Sporcle Events
Private Events
Virtual Trivia
Globe League
Become a Host
Pub Owners
SporcleCon
Opinionation
Our Games
Videos
Blog
Mobile Apps
Partnerships
Remove Ads and Go Orange
Feedback
Movies
Disney
Marvel Cinematic Universe
Movie Resume
Movie Titles
Oscar
Actor
Actress
Director
Pixar
Role
Movie Quotes
Movie Characters
Box Office
Nominee
Best Picture
Star Wars
James Bond
Horror Movies
Movies
Disney
Marvel Cinematic Universe
Movie Resume
Movie Titles
Oscar
Actor
Actress
Director
Pixar
Role
Movie Quotes
Movie Characters
Box Office
Nominee
Best Picture
Star Wars
James Bond
Horror Movies
Random Quiz
Search Sporcle
×
Quiz Lab
Quiz Lab
Movies
Nintendo
Type in answers that appear in a list
Type in answers that appear in a list
Classic
Best Score? Go Orange.
More Movie Taglines Stats
Can you name the movies for these taglines?
By
alyssa93
10m
20 Questions
489 Plays
489 Plays
489 Plays
Comments
Comments
Give Quiz Kudos
Give Quiz Kudos
-
- Ratings
hide this ad
Replay
Link that replays current quiz
Next Quiz
Link to next quiz in quiz playlist
You Got
0%
They Got
Avg Score
21%
Avg Friend Score
Upgrade to see
Score Distribution
Jump to the score distribution portion of the page
Score
0/20
Timer
10:00
0
Plays Today
Taglines
Movie
% Correct
For some, 13 feels like it was just yesterday. For Jenna, it was.
13 Going on 30
85.3%
Work sucks.
Office Space
75.5%
Life's a party. Crash it.
Wedding Crashers
63.6%
Love actually is all around.
Love Actually
61.8%
Hell on heels.
The Devil Wears Prada
55.4%
Five strangers with nothing in common...except each other.
The Breakfast Club
20.9%
...look closer.
American Beauty
16%
Twice the fun, double the trouble
The Parent Trap
13.3%
Sometimes, to follow your dreams... you've got to bend the rules.
Bend it Like Beckham
9.6%
Place your bets.
Ocean's Eleven
9.2%
Taglines
Movie
% Correct
One hit could ruin your whole day.
Pineapple Express
8.2%
They're about to teach each other how to act their age.
Uptown Girls
6.5%
Some people can never believe in themselves until someone believes in them.
Good Will Hunting
3.5%
The cure for the common man.
Hitch
2.7%
Love and money...you have mixed them both.
Slumdog Millionaire
1.8%
Reading, Writing, Revenge
Election
1.8%
He's quite engaging. She's otherwise engaged.
Four Weddings and a Funeral
1.6%
Prepare to be blown out of the water.
Pirates of the Caribbean: The Curse of the Black Pearl
1.4%
Everyone wants the truth...until they find it.
Gone Baby Gone
0.4%
What you can't have, you can't resist.
Cruel Intentions
0.4%
Quiz Playlist
Details
Report
Send in Message
Add To Playlist
Classic:
Type in answers that appear in a list
Last Updated: Feb 16, 2017
Quiz Scoreboard
CHALLENGE
Sign Up to Join the Scoreboard
Show All
Scores
Hide
Comments
May contain spoilers
Recently Published
1-10 Letter E Words III
by El_Dandy
Language
2m
Street Fighter Characters
by Artimus82
Gaming
60s
College Basketball Coaching Resumes
by pancakes188
Sports
9m
More to Explore
Quiz From the Vault
Featured Blog Post
Where Did the Easter Bunny Come From?
hide this ad
You Might Also Like...
Tags
Nintendo Quiz
Taglines
Today's Top Quizzes in Movies
Browse Movies
hide this ad
Today's Top Quizzes in Nintendo
Browse Nintendo
Top Contributed Quizzes in Movies
1
Pick 5 Posters: Directed by Spielberg
2
7-to-1: Pixar Characters
3
Hidden Star Wars Character II
4
Hidden Star Wars Character III
5
Pick 5 Posters: Lowest-Rated Spielberg
6
Sorting Actresses
7
Sorting Actors
8
Hidden Star Wars Character IV
9
Hidden Star Wars Character V
10
Pick 5 Posters: Directed by Scorsese
Explore More
Trending Topics
Kpop
Anime
Marvel
NBA
Disney
Harry Potter
Crossword
NFL
Soccer
Puzzle
WWE
Pokémon
Song
The Office
Country
hide this ad
More By:
alyssa93
Quiz
Plays
Rating
Category
Featured
Created
Teen Movie Quotes
1,628
3.43
Movies
Nov 6, 2009
More Movie Taglines
489
Movies
Nov 7, 2009
Go to Creator's Profile
Score Distribution
Quiz Creator Spotlight
alyssa93
Follow
Send a Message
Quizzes Created
-
Created Quiz Play Count
-
More By This Creator
Popular Quizzes Today
1
Find the US States - No Outlines Minefield
2
Find the Countries of Europe - No Outlines Minefield
3
The Countries of the World
4
Find the US States
5
Risky Map Clicking: Biggest States A-Z
6
US States
7
Popular People in 1961
8
Movies - When Are They Set?
More Movies Quizzes
Snow White and the Alphabetical Minefield
Published
Trending Quizzes
Risky Map Clicking: Least Populous States A-Z
Billboard Blitz: Aretha Franklin
1-10 Letter G Words
Countries of the World: 200 Million BC
1-10 Letter F Words
Recently Updated
Leaping Animals
pecheneg
Reality TV Shows (A-Z)
bhenderson79
Rickey Henderson's Hall of Fame Teammates
pecheneg
Champions League XIs: Arsenal
pecheneg
Quick Pick: Celebrities in WWE's Hall of Fame
aduchscher
A-Z Keypad Blitz II
pecheneg
Multiple Oscar Actors
pecheneg
Mystery Phrase Blitz: Oscar 'Best Actors'
pecheneg
F. Scott Fitzgerald Novels
LTH
Pick 3 Villains
ddd62291
Trending Topics
Marvel
Crossword
NBA
Harry Potter
Anime
Disney
Kpop
Puzzle
Country
NFL
WWE
Soccer
Song
Pokémon
The Office
Your Account Isn't Verified!
In order to create a playlist on Sporcle, you need to verify the email address you used during registration. Go to your
Sporcle Settings
to finish the process.
Report this User
Report this user for behavior that violates our
Community Guidelines
.
Details:
Send Report
Go to the Sporcle.com Mobile Site →
Comments